000 00420nam a2200181Ia 4500
001 19626
005 20260306172707.0
008 260306t2004||||xx |||||||||||||| ||spa||
041 _aESP
082 _a340.7
_bH22
100 _aHart, H. L. A.
_eAUT
245 0 _aEl concepto de derecho
260 _c2004
300 _axiii, 332 páginas :
_c22 cm.
650 _aGEN
654 _aCDE
942 _cLIB
_dJUS
_fJUS
_2ddc
_n
999 _c19626
_d19626